[Event "TCh-TUR 2011"]
[Site "Konya TUR"]
[Date "2011.07.07"]
[Round "11"]
[White "Haznedaroglu, Kivanc"]
[Black "Korkmaz, Necmettin"]
[Result "1/2-1/2"]
[WhiteTitle "GM"]
[WhiteElo "2444"]
[BlackElo "2189"]
[WhiteTeam "Adana Truva Satranc S.K."]
[BlackTeam "Bursa Tophane Meslek Lisesi S.K."]
[WhiteFideId "6300634"]
[BlackFideId "6303285"]
[EventDate "2011.06.28"]

1. e4 e6 2. Qe2 c5 3. Nf3 Nc6 4. g3 Nd4 5. Nxd4 cxd4 6. Bg2 Ne7 7. d3 b6 8. Nd2
Bb7 9. Nf3 Nc6 10. O-O Be7 11. h4 O-O 12. h5 h6 13. Bd2 d6 14. Nh2 Qd7 15. f4 d5
16. f5 exf5 17. Rxf5 dxe4 18. Bxe4 Rae8 19. Raf1 Bd6 20. Bxh6 gxh6 21. Qg4+ Kh8
22. Rf6 Qxg4 23. Rxh6+ Kg7 24. Nxg4 Rxe4 25. dxe4 Be7 26. Rf5 Rd8 27. b4 Nxb4
28. Rh7+ Kxh7 29. Rxf7+ Kh8 30. Rxe7 Bxe4 31. Rxe4 Nxc2 32. Re7 Rd6 33. Re2 d3
34. Rd2 Rd5 35. Nf6 Rf5 36. Ne4 Rxh5 37. Rxd3 Ra5 38. Rd7 Kg8 39. Kg2 Ne3+ 40.
Kf3 Nf5 41. g4 Nh4+ 42. Ke3 Ng6 43. Nf6+ Kf8 44. Ke4 Re5+ 45. Kd4 Ra5 46. g5
Rxa2 47. Ke4 Ne7 48. Rb7 Ra5 49. Nd7+ Kf7 50. Ne5+ Ke6 1/2-1/2

[Event "TCh-TUR 2011"]
[Site "Konya TUR"]
[Date "2011.07.07"]
[Round "11"]
[White "Cebelli, Ozel"]
[Black "Erdogdu, Mert"]
[Result "0-1"]
[BlackTitle "IM"]
[WhiteElo "2130"]
[BlackElo "2434"]
[WhiteTeam "Bursa Tophane Meslek Lisesi S.K."]
[BlackTeam "Adana Truva Satranc S.K."]
[WhiteFideId "6301169"]
[BlackFideId "6301495"]
[EventDate "2011.06.28"]

1. e4 c5 2. Nc3 d6 3. g3 Nc6 4. Bg2 g6 5. d3 Bg7 6. Be3 Rb8 7. a4 a6 8. Qd2 b5
9. axb5 axb5 10. Nge2 b4 11. Nd1 Qb6 12. O-O Nd4 13. Kh1 h5 14. h4 Nf6 15. f3
O-O 16. Nf4 e5 17. Nh3 d5 18. Ng5 b3 19. c3 Nc2 20. Rb1 d4 21. Bg1 Bd7 22. c4
Bh6 23. Qe2 Ra8 24. Kh2 Ra2 25. Kh1 Qd8 26. Nh3 Na3 27. Ndf2 Nxb1 28. Rxb1 Qe7
29. Qd1 Rb8 30. Bh2 Be3 31. Bg1 Ne8 32. Qe2 Nc7 33. Nd1 Bxg1 34. Kxg1 Rba8 35.
Nhf2 Ra1 36. Rxa1 Rxa1 37. Qd2 Kg7 38. Kh2 Na6 39. Bf1 Nb4 40. Bg2 Qd8 41. f4
Qf6 42. fxe5 Qxe5 43. Bh3 Be6 44. Bxe6 fxe6 45. Nh3 Qf6 46. Kg2 Nc2 47. Nhf2 Rb1
48. g4 Ne3+ 49. Nxe3 dxe3 50. Qxe3 Rxb2 51. gxh5 Rxf2+ 0-1

[Event "TCh-TUR 2011"]
[Site "Konya TUR"]
[Date "2011.07.07"]
[Round "11"]
[White "Yuksel, Atilla Koksal"]
[Black "Donmez, Batuhan"]
[Result "0-1"]
[WhiteTitle "CM"]
[WhiteElo "2035"]
[BlackElo "1849"]
[WhiteTeam "Adana Truva Satranc S.K."]
[BlackTeam "Bursa Tophane Meslek Lisesi S.K."]
[WhiteFideId "6306667"]
[BlackFideId "6326277"]
[EventDate "2011.06.28"]

1. e4 c5 2. Nf3 d6 3. d4 cxd4 4. Nxd4 Nf6 5. Nc3 a6 6. Bg5 e6 7. f4 Qb6 8. Qd2
Qxb2 9. Rb1 Qa3 10. e5 Nfd7 11. exd6 Qxd6 12. Ne4 Qd5 13. Qe3 Nc6 14. Rd1 Nxd4
15. Rxd4 Qa5+ 16. Rd2 Ba3 17. Qd4 O-O 18. c3 Qb6 19. Bf6 Qxd4 20. Bxd4 b5 21.
Be2 Bb7 22. Bf3 Bd5 23. Kf2 Rac8 24. Ng5 Bxf3 25. Kxf3 Nf6 26. Bxf6 gxf6 27. Ne4
Kg7 28. Rd3 f5 29. Nd2 Bb2 30. Nb1 Rc6 31. Ke2 Rfc8 32. Kd2 b4 33. cxb4 Rc2+ 34.
Ke3 Rxg2 35. Rd2 Rxd2 36. Nxd2 Rc3+ 37. Ke2 Ra3 38. Rg1+ Kf6 39. Nc4 Rxa2 40.
Kd3 Ba1 41. Rd1 Kg7 42. Rd2 Ra4 43. Rd1 Bf6 44. Rb1 Ra2 45. Nd2 Rb2 46. Rxb2
Bxb2 47. Nb3 Kg6 48. Nc5 Bc1 49. Nxa6 Bxf4 50. b5 Bxh2 51. b6 Kg5 52. b7 h5 53.
b8=Q Bxb8 54. Nxb8 Kf4 55. Ke2 Kg3 56. Kf1 f4 57. Nd7 h4 58. Nf6 e5 59. Ne4+ Kg4
60. Kf2 h3 61. Nd2 f5 62. Nf1 e4 63. Nh2+ Kg5 64. Nf1 Kf6 65. Nh2 Ke5 66. Nf1
Kd4 67. Ke2 f3+ 68. Kf2 f4 69. Nh2 Kd3 70. Ke1 Kc3 71. Kd1 Kd3 72. Ke1 f2+ 73.
Kxf2 Kd2 74. Kg1 Ke2 75. Ng4 e3 76. Kh2 f3 77. Kxh3 f2 0-1

[Event "TCh-TUR 2011"]
[Site "Konya TUR"]
[Date "2011.07.07"]
[Round "11"]
[White "Ataman,Alper Efe"]
[Black "Citak, Selim"]
[Result "1/2-1/2"]
[WhiteTitle "FM"]
[BlackTitle "FM"]
[WhiteElo "2188"]
[BlackElo "2356"]
[WhiteTeam "Istanbul Teknik Universitesi S.K."]
[BlackTeam "Besiktas Jimnastik Kulubu"]
[WhiteFideId "6301606"]
[BlackFideId "6301819"]
[EventDate "2011.06.28"]

1. e4 e5 2. Nf3 Nc6 3. Bc4 Nf6 4. d3 d5 5. exd5 Nxd5 6. h3 Be7 7. O-O Bf5 8. Re1
Qd6 9. Nbd2 O-O-O 10. Ne4 Qg6 11. Ng3 Be6 12. Kh2 h5 13. Qe2 h4 14. Ne4 Kb8 15.
Bb5 Qf5 16. Bxc6 bxc6 17. Kh1 Nf4 18. Bxf4 Qxf4 19. b4 f6 20. d4 exd4 21. Nc5
Bxc5 22. Qxe6 Bb6 23. Qxc6 Qd6 24. Qc4 d3 25. Rad1 Bxf2 26. Rf1 Qb6 27. Rxd3
Rxd3 28. Qxd3 Bg3 29. c4 Qd6 30. Qg6 Qd7 31. c5 Rd8 32. Rg1 c6 33. a4 Ka8 34.
Qe4 Qd5 35. Qg6 Qd7 36. Qe4 g5 37. Qg6 Qe7 38. Qf5 Kb8 39. b5 Rd5 40. Qb1 Qxc5
41. bxc6+ Qb6 42. Qh7 Qc7 43. Rb1+ Ka8 44. Qc2 Rd8 45. Qe4 Rb8 46. Rd1 Rc8 47.
Rc1 Qf4 48. Qb1 1/2-1/2

[Event "TCh-TUR 2011"]
[Site "Konya TUR"]
[Date "2011.07.07"]
[Round "11"]
[White "Apaydin, Fethi"]
[Black "Deruni, Berc"]
[Result "1-0"]
[WhiteElo "2198"]
[BlackElo "2125"]
[WhiteTeam "Besiktas Jimnastik Kulubu"]
[BlackTeam "Istanbul Teknik Universitesi S.K."]
[WhiteFideId "6302521"]
[BlackFideId "6302173"]
[EventDate "2011.06.28"]

1. e4 c5 2. Nc3 Nc6 3. g3 g6 4. Bg2 Bg7 5. d3 d6 6. f4 f5 7. Nf3 Nf6 8. O-O O-O
9. h3 Kh8 10. Be3 Be6 11. Re1 fxe4 12. dxe4 Bg8 13. g4 Nd7 14. Qd2 Nb6 15. b3 d5
16. exd5 Nxd5 17. Nxd5 Qxd5 18. Qxd5 Bxd5 19. Rad1 Rad8 20. Bxc5 Rxf4 21. Bxe7
Nxe7 22. Rxe7 Bf6 23. Re3 Bc6 24. Rxd8+ Bxd8 25. Rd3 Bb6+ 26. Kf1 Be4 27. Rc3
Bc6 28. Ke2 Re4+ 29. Kd1 Ba5 30. Rd3 Re7 31. c3 Be4 32. Re3 Rd7+ 33. Ke2 Bb1 34.
Ne5 Rc7 35. Nc4 Bb6 36. Nxb6 axb6 37. a4 Kg7 38. Bd5 Kf6 39. h4 h5 40. Re6+ Kg7
41. gxh5 b5 42. Rb6 Rxc3 43. Rxb7+ Kh6 44. Rxb5 Rh3 45. Rb4 Kxh5 46. a5 Bd3+ 47.
Kd2 Ba6 48. Bb7 Rh2+ 49. Kc3 Rh3+ 50. Kb2 Rh2+ 51. Ka3 Bd3 52. a6 Bb1 53. Ra4 1-0

[Event "TCh-TUR 2011"]
[Site "Konya TUR"]
[Date "2011.07.07"]
[Round "11"]
[White "Yilmazyerli, Mert"]
[Black "Yilmaz, Mustafa"]
[Result "0-1"]
[WhiteTitle "FM"]
[BlackTitle "IM"]
[WhiteElo "2318"]
[BlackElo "2489"]
[WhiteTeam "Besiktas Jimnastik Kulubu"]
[BlackTeam "Istanbul Teknik Universitesi S.K."]
[WhiteFideId "6305962"]
[BlackFideId "6302718"]
[EventDate "2011.06.28"]

1. e4 c5 2. Nc3 d6 3. g3 Nc6 4. Bg2 g6 5. Nge2 Bg7 6. d3 Rb8 7. Be3 b5 8. Qd2 b4
9. Nd1 Nd4 10. O-O a5 11. Nc1 a4 12. c3 Nc6 13. a3 bxc3 14. bxc3 Bd7 15. f4 f5
16. Nf2 Nh6 17. e5 O-O 18. d4 cxd4 19. cxd4 Na5 20. Qa2+ Kh8 21. Ncd3 Bb5 22.
Rfe1 Ng4 23. Nxg4 Bxd3 24. Nf2 Bc4 25. Qc2 Rb3 26. Bd2 d5 27. Nd1 Qb6 28. Bc3
Rc8 29. Qd2 Rb5 30. Bxa5 Rxa5 31. Ne3 Rb5 32. Rac1 Rb2 33. Nxd5 Qb3 34. Qa5
Rxg2+ 35. Kxg2 Bxd5+ 36. Kh3 Rg8 37. Rc3 Qb2 38. Qxd5 Qxc3 39. Rb1 Qxa3 40. Rb7
Rf8 41. Qe6 g5 42. fxg5 f4 43. Rxe7 f3 0-1

[Event "TCh-TUR 2011"]
[Site "Konya TUR"]
[Date "2011.07.07"]
[Round "11"]
[White "Sanal, Vahap"]
[Black "Ali Marandi, Cemil Can"]
[Result "1-0"]
[WhiteTitle "CM"]
[BlackTitle "FM"]
[WhiteElo "2210"]
[BlackElo "2265"]
[WhiteTeam "Istanbul Teknik Universitesi S.K."]
[BlackTeam "Besiktas Jimnastik Kulubu"]
[WhiteFideId "6300545"]
[BlackFideId "6300529"]
[EventDate "2011.06.28"]

1. e4 e6 2. d4 d5 3. Nd2 c5 4. exd5 Qxd5 5. Ngf3 cxd4 6. Bc4 Qd6 7. O-O Nf6 8.
Nb3 Nc6 9. Nbxd4 Nxd4 10. Nxd4 a6 11. a4 Qc7 12. b3 Bd6 13. Nf3 Bd7 14. Bb2 Bc6
15. h3 O-O-O 16. Qe2 Nd5 17. Bxd5 Bxd5 18. c4 Bxf3 19. Qxf3 f6 20. c5 Bh2+ 21.
Kh1 Be5 22. Bxe5 Qxe5 23. c6 Qd5 24. Qe3 Kb8 25. c7+ Kxc7 26. Qa7 Rd6 27. Rac1+
Rc6 28. Qe3 Rxc1 29. Rxc1+ Kb8 30. Qg3+ e5 31. Qxg7 Rg8 32. Qc7+ Ka8 33. f3 Qd2
34. Rg1 Qh6 35. b4 Qg7 36. Qd6 Qf8 37. Qe6 Qe8 38. Qd5 Qd8 39. Qf7 Rf8 40. Qxh7
Rh8 41. Qc2 Rh4 42. Rb1 Rd4 43. Qc1 a5 44. b5 Rd2 45. b6 f5 46. Qc5 Rd5 47. Qc7
e4 48. fxe4 fxe4 49. Rb5 1-0

[Event "TCh-TUR 2011"]
[Site "Konya TUR"]
[Date "2011.07.07"]
[Round "11"]
[White "Birgelir, Melisa"]
[Black "Yolal, Sena Gokcen"]
[Result "1/2-1/2"]
[WhiteElo "1735"]
[BlackElo "1653"]
[WhiteTeam "Besiktas Jimnastik Kulubu"]
[BlackTeam "Istanbul Teknik Universitesi S.K."]
[WhiteFideId "6300308"]
[BlackFideId "6337031"]
[EventDate "2011.06.28"]

1. e4 c5 2. Nf3 d6 3. c3 Nf6 4. h3 g6 5. Bd3 Bg7 6. Bc2 O-O 7. O-O e5 8. d4 cxd4
9. cxd4 Nc6 10. d5 Nb4 11. Nc3 h6 12. a3 Na6 13. Be3 Kh7 14. Rc1 Bd7 15. Qe2 Nh5
16. Nb5 Qf6 17. Kh2 Nf4 18. Bxf4 exf4 19. b4 Qe7 20. Nbd4 Nc7 21. Bd3 Rfc8 22.
Rfe1 Ne8 23. Qd2 Bxd4 24. Nxd4 Qf6 25. Nf3 Ng7 26. Rxc8 Rxc8 27. Rc1 Rxc1 28.
Qxc1 Nh5 29. Qc7 Be8 30. Qc2 Qe7 31. Qc1 Ba4 32. Qc3 a6 1/2-1/2

[Event "TCh-TUR 2011"]
[Site "Konya TUR"]
[Date "2011.07.07"]
[Round "11"]
[White "Kilicaslan, Hasan"]
[Black "Odeev, Handszar"]
[Result "0-1"]
[WhiteTitle "IM"]
[BlackTitle "GM"]
[WhiteElo "2250"]
[BlackElo "2405"]
[WhiteTeam "Turk Hava Yollari S.K."]
[BlackTeam "Celikkol Turizm Pamukkale Universitesi S.K."]
[WhiteFideId "6300391"]
[BlackFideId "14000091"]
[EventDate "2011.06.28"]

1. d4 Nf6 2. c4 g6 3. Nc3 d5 4. Nf3 Bg7 5. Bg5 dxc4 6. Qa4+ c6 7. Qxc4 Qb6 8. e4
Qxb2 9. Rb1 Qa3 10. e5 Nfd7 11. Rb3 Qa5 12. e6 fxe6 13. Qxe6 Qd8 14. Qe3 Nb6 15.
Bd3 N8d7 16. O-O Nf6 17. Bxf6 Bxf6 18. Qh6 Be6 19. Ne4 Bxb3 20. Nxf6+ exf6 21.
Bxg6+ Kd7 22. Bf5+ Kc7 23. axb3 Qf8 24. Qd2 Qd6 25. Rc1 Rae8 26. b4 Kb8 27. Ra1
Nd5 28. Rb1 Qf4 29. Qc2 Rhg8 30. Kf1 Re7 31. Bh3 a6 0-1

[Event "TCh-TUR 2011"]
[Site "Konya TUR"]
[Date "2011.07.07"]
[Round "11"]
[White "Reyhan, Dogan Heval"]
[Black "Genc, Cihan Sevinc"]
[Result "1-0"]
[WhiteTitle "FM"]
[WhiteElo "2343"]
[BlackElo "2213"]
[WhiteTeam "Celikkol Turizm Pamukkale Universitesi S.K."]
[BlackTeam "Turk Hava Yollari S.K."]
[WhiteFideId "6301290"]
[BlackFideId "6304370"]
[EventDate "2011.06.28"]

1. e4 e6 2. d4 d5 3. Nc3 Nf6 4. Bg5 Be7 5. e5 Nfd7 6. h4 a6 7. Qg4 Kf8 8. Nf3 c5
9. dxc5 Nc6 10. Bf4 h5 11. Qh3 Nxc5 12. g4 Qb6 13. O-O-O Qb4 14. Qg3 Na4 15.
Nxa4 Qxa4 16. a3 Bxa3 17. bxa3 Qxa3+ 18. Kd2 Qb4+ 19. Ke2 Qe4+ 20. Kd2 Qb4+ 21.
c3 Qb2+ 22. Ke1 Qxc3+ 23. Bd2 Qc2 24. gxh5 Rxh5 25. Rg1 g6 26. Bd3 Qa4 27. Rc1
Bd7 28. Bc2 Qb5 29. Bxg6 fxg6 30. Qxg6 Nxe5 1-0

[Event "TCh-TUR 2011"]
[Site "Konya TUR"]
[Date "2011.07.07"]
[Round "11"]
[White "Yaramis, Hakan"]
[Black "Salepci, Osman Firat"]
[Result "1-0"]
[WhiteElo "2094"]
[BlackElo "2154"]
[WhiteTeam "Turk Hava Yollari S.K."]
[BlackTeam "Celikkol Turizm Pamukkale Universitesi S.K."]
[WhiteFideId "6304613"]
[BlackFideId "6302343"]
[EventDate "2011.06.28"]

1. e4 e5 2. Nf3 Nc6 3. Bb5 a6 4. Ba4 Nf6 5. O-O Be7 6. Re1 b5 7. Bb3 d6 8. c3
O-O 9. a4 Rb8 10. axb5 axb5 11. d4 exd4 12. Nxd4 Nxd4 13. cxd4 c5 14. Bf4 c4 15.
Bc2 Bg4 16. f3 Bh5 17. b3 Bg6 18. bxc4 bxc4 19. Nc3 Nh5 20. Be3 Bg5 21. Nd5
Bxe3+ 22. Rxe3 Nf6 23. Nxf6+ gxf6 24. f4 Re8 25. Rg3 d5 26. f5 dxe4 27. fxg6
fxg6 28. Ra4 Qd5 29. Rc3 Rec8 30. Qd2 Rb7 31. Qe3 f5 32. Ra1 Rd8 33. Rd1 Ra8 34.
Qe2 Rb4 35. Kf2 Kg7 36. g3 Ra2 37. Rd2 Ra1 38. Qe3 Ra2 39. Bd1 Ra1 40. Be2 Raa4
41. Qf4 Kf6 42. Qh4+ Kg7 43. Qe7+ Kg8 44. Ke3 h6 45. Bd1 f4+ 46. gxf4 Qf5 47.
Qxe4 1-0

[Event "TCh-TUR 2011"]
[Site "Konya TUR"]
[Date "2011.07.07"]
[Round "11"]
[White "Erbis, Baris"]
[Black "Okus, Melih"]
[Result "0-1"]
[WhiteElo "1933"]
[BlackElo "1893"]
[WhiteTeam "Turk Hava Yollari S.K."]
[BlackTeam "Celikkol Turizm Pamukkale Universitesi S.K."]
[WhiteFideId "6305202"]
[BlackFideId "6305407"]
[EventDate "2011.06.28"]

1. e4 d6 2. d4 Nf6 3. Bd3 g6 4. f4 Bg7 5. Nf3 O-O 6. c3 c5 7. h3 cxd4 8. cxd4
Qb6 9. Qe2 Nh5 10. Qf2 Nc6 11. Nc3 Nxd4 12. Be3 Nxf3+ 13. gxf3 Qa5 14. Ke2 e5
15. f5 Nf4+ 16. Bxf4 exf4 17. Rhg1 Qe5 18. Rad1 Bxf5 19. Rg5 h6 20. Rxf5 gxf5
21. Bc4 fxe4 22. Nxe4 Rac8 0-1

[Event "TCh-TUR 2011"]
[Site "Konya TUR"]
[Date "2011.07.07"]
[Round "11"]
[White "Komut, Kaan"]
[Black "Yargici, Mazhar Kutay"]
[Result "1-0"]
[WhiteElo "1917"]
[BlackElo "1926"]
[WhiteTeam "Celikkol Turizm Pamukkale Universitesi S.K."]
[BlackTeam "Turk Hava Yollari S.K."]
[WhiteFideId "6309992"]
[BlackFideId "6310400"]
[EventDate "2011.06.28"]

1. e4 e5 2. Nf3 Nc6 3. Bb5 a6 4. Ba4 Nf6 5. O-O Be7 6. Re1 b5 7. Bb3 O-O 8. c3
d6 9. h3 Na5 10. Bc2 c5 11. d4 Qc7 12. d5 c4 13. Nbd2 Bd7 14. Nf1 Rfe8 15. Ng3
Nb7 16. Bg5 Nc5 17. Qd2 Rab8 18. Rad1 a5 19. Nxe5 dxe5 20. d6 Bxd6 21. Qxd6 Qxd6
22. Rxd6 Re6 23. Red1 Rxd6 24. Rxd6 Ne8 25. Rd5 Ne6 26. Rxd7 Nxg5 27. Nf5 Nf6
28. Re7 Ngxe4 29. Rxe5 Ng5 30. Ne7+ Kf8 31. Nc6 Rb6 32. Rxg5 Rxc6 33. Rxb5 Rd6
34. Rxa5 Rd2 35. Ba4 Rxb2 36. Rc5 Rxa2 37. Rxc4 Ra3 38. Bc6 Ke7 39. Bf3 Kd6 40.
Rc8 Ra5 41. Rc6+ Kd7 42. c4 Ra3 43. Rb6 Rc3 44. Rb7+ Ke6 45. Rc7 Rd3 46. c5 Nd7
47. Be2 Rd4 48. c6 Ne5 49. Rc8 Rd6 50. Re8+ Kd5 51. c7 1-0

[Event "TCh-TUR 2011"]
[Site "Konya TUR"]
[Date "2011.07.07"]
[Round "11"]
[White "Gundogan, Sinem Cagla"]
[Black "Bal, Sevgican"]
[Result "1-0"]
[WhiteElo "1433"]
[BlackElo "1610"]
[WhiteTeam "Turk Hava Yollari S.K."]
[BlackTeam "Celikkol Turizm Pamukkale Universitesi S.K."]
[WhiteFideId "6325378"]
[BlackFideId "6324894"]
[EventDate "2011.06.28"]

1. e4 d5 2. exd5 Qxd5 3. Nf3 Nf6 4. g3 Nc6 5. Bg2 Bg4 6. O-O Qd6 7. d3 O-O-O 8.
h3 Bh5 9. Nc3 a6 10. Re1 e6 11. Bf4 Qd7 12. Qd2 h6 13. Ne5 Nxe5 14. Bxe5 Bd6 15.
Bxd6 Qxd6 16. Ne4 Nxe4 17. Bxe4 f5 18. Bg2 Bf7 19. Qc3 g5 20. Qe5 Qb6 21. Qe3
Qb5 22. Qa7 c6 23. a4 Qb4 24. Bxc6 h5 25. Bg2 h4 26. Re5 Qxb2 27. Bxb7+ Kd7 28.
Bc6+ Kxc6 29. Rc5+ 1-0

[Event "TCh-TUR 2011"]
[Site "Konya TUR"]
[Date "2011.07.07"]
[Round "11"]
[White "Savchenko, Boris"]
[Black "Mchedlishvili, Mikheil"]
[Result "1-0"]
[WhiteTitle "GM"]
[BlackTitle "GM"]
[WhiteElo "2630"]
[BlackElo "2629"]
[WhiteTeam "Manisa Doruk Koleji S.K."]
[BlackTeam "Tarsus Zeka Satranc S.K."]
[WhiteFideId "4147332"]
[BlackFideId "13600966"]
[EventDate "2011.06.28"]

1. e4 c6 2. d4 d5 3. e5 Bf5 4. Nf3 e6 5. Be2 Ne7 6. O-O Nd7 7. Nh4 Be4 8. Nd2 c5
9. Nxe4 dxe4 10. c3 Qb6 11. a4 cxd4 12. a5 Qd8 13. Qxd4 Nc6 14. Qxe4 Nc5 15. Qf4
Nb3 16. a6 Qc7 17. axb7 Qxb7 18. Ra6 Nxc1 19. Rxc1 Rc8 20. Qa4 Bc5 21. b4 Bb6
22. Bf3 Qc7 23. c4 1-0

[Event "TCh-TUR 2011"]
[Site "Konya TUR"]
[Date "2011.07.07"]
[Round "11"]
[White "Secer, Ata"]
[Black "Arduman, Can"]
[Result "1/2-1/2"]
[WhiteTitle "FM"]
[BlackTitle "IM"]
[WhiteElo "2329"]
[BlackElo "2349"]
[WhiteTeam "Manisa Doruk Koleji S.K."]
[BlackTeam "Tarsus Zeka Satranc S.K."]
[WhiteFideId "6303293"]
[BlackFideId "6300022"]
[EventDate "2011.06.28"]

1. e4 e5 2. Nf3 Nc6 3. Bb5 Nf6 4. O-O Nxe4 5. d4 Nd6 6. Bxc6 dxc6 7. dxe5 Nf5 8.
Qxd8+ Kxd8 9. Nc3 Ke8 10. h3 h5 11. Rd1 Be7 12. Ne2 Be6 13. Nf4 Bd7 14. Nd3 Be6
15. Nf4 Bd7 16. Nd3 Be6 1/2-1/2

[Event "TCh-TUR 2011"]
[Site "Konya TUR"]
[Date "2011.07.07"]
[Round "11"]
[White "Bayram, Yakup"]
[Black "Sirin, Atakan"]
[Result "1-0"]
[WhiteTitle "FM"]
[WhiteElo "2268"]
[BlackElo "2230"]
[WhiteTeam "Tarsus Zeka Satranc S.K."]
[BlackTeam "Manisa Doruk Koleji S.K."]
[WhiteFideId "6300677"]
[BlackFideId "6303307"]
[EventDate "2011.06.28"]

1. d4 d5 2. c4 e6 3. Nc3 c6 4. e4 dxe4 5. Nxe4 Bb4+ 6. Bd2 Qxd4 7. Bxb4 Qxe4+ 8.
Be2 Na6 9. Bc3 f6 10. Nf3 Ne7 11. O-O O-O 12. Re1 Qf4 13. b4 Nf5 14. g3 Qc7 15.
Bd3 Rd8 16. Qc2 c5 17. b5 Nb4 18. Bxb4 cxb4 19. c5 b6 20. c6 a6 21. Rad1 Ne7 22.
Bxh7+ Kf7 23. Bd3 axb5 24. Bxb5 Rxd1 25. Rxd1 Ra3 26. Qh7 Ra5 27. Qc2 Ra8 28.
Re1 Ra3 29. Rd1 Ra5 30. Qh7 Kf8 31. Qh5 Bd7 32. cxd7 g6 33. Qh8+ Ng8 34. Nd4 Qc1
35. Kg2 Ra8 36. Nxe6+ 1-0

[Event "TCh-TUR 2011"]
[Site "Konya TUR"]
[Date "2011.07.07"]
[Round "11"]
[White "Gaygusuzoglu, Gokhan"]
[Black "Shimanov, Aleksandr"]
[Result "0-1"]
[BlackTitle "GM"]
[WhiteElo "1900"]
[BlackElo "2583"]
[WhiteTeam "Tarsus Zeka Satranc S.K."]
[BlackTeam "Manisa Doruk Koleji S.K."]
[WhiteFideId "6306284"]
[BlackFideId "4198603"]
[EventDate "2011.06.28"]

1. e4 c5 2. c3 d5 3. exd5 Qxd5 4. d4 g6 5. Nf3 Bg7 6. Be3 cxd4 7. cxd4 Nf6 8.
Nc3 Qd8 9. Be2 O-O 10. O-O Be6 11. a3 Nc6 12. b4 Nd5 13. Na4 b6 14. Rc1 Rc8 15.
Bb5 Qd6 16. Nb2 Nxe3 17. fxe3 a5 18. Nc4 Bxc4 19. Rxc4 axb4 20. Bxc6 Rxc6 21.
Rxc6 Qxc6 22. axb4 Qc3 23. Qd2 Rc8 24. Re1 Bh6 25. Kf2 Qb3 26. Rc1 Bxe3+ 27.
Qxe3 Qxe3+ 28. Kxe3 Rxc1 29. Kd3 b5 30. Nd2 e6 31. Ne4 Rc4 32. d5 Rxb4 33. d6 e5
34. d7 Rd4+ 35. Kc3 Kf8 0-1

[Event "TCh-TUR 2011"]
[Site "Konya TUR"]
[Date "2011.07.07"]
[Round "11"]
[White "Tulay, Seray"]
[Black "Patel, Yesim"]
[Result "0-1"]
[WhiteElo "1778"]
[BlackElo "1804"]
[WhiteTeam "Tarsus Zeka Satranc S.K."]
[BlackTeam "Manisa Doruk Koleji S.K."]
[WhiteFideId "6307787"]
[BlackFideId "6300200"]
[EventDate "2011.06.28"]

1. e4 c5 2. Nf3 Nc6 3. d4 cxd4 4. Nxd4 e5 5. Nb5 d6 6. N1c3 a6 7. Na3 b5 8. Nd5
Nce7 9. c4 Nxd5 10. Qxd5 Be6 11. Qc6+ Bd7 12. Qb7 b4 13. Qxb4 d5 14. Qc3 d4 15.
Qd3 Bb4+ 16. Bd2 Bxd2+ 17. Qxd2 Nf6 18. f3 O-O 19. Rc1 Be6 20. b4 a5 21. b5 Qe7
22. c5 Rfc8 23. c6 Qxa3 24. b6 Rab8 25. Ba6 Rxb6 26. Bxc8 Bxc8 27. O-O h6 0-1

[Event "TCh-TUR 2011"]
[Site "Konya TUR"]
[Date "2011.07.07"]
[Round "11"]
[White "Diril, Dogus"]
[Black "Benzetsel, Ekim"]
[Result "1/2-1/2"]
[WhiteElo "1612"]
[BlackElo "1778"]
[WhiteTeam "Manisa Doruk Koleji S.K."]
[BlackTeam "Tarsus Zeka Satranc S.K."]
[WhiteFideId "6324240"]
[BlackFideId "6332749"]
[EventDate "2011.06.28"]

1. e4 c5 2. c3 g6 3. d4 cxd4 4. cxd4 d5 5. exd5 Nf6 6. Bb5+ Nbd7 7. Nc3 Bg7 8.
d6 exd6 9. Qe2+ Qe7 10. Bf4 Qxe2+ 11. Bxe2 Ke7 12. Bf3 Nb6 13. Nge2 a6 14. O-O
Rb8 15. Rfe1 Be6 16. Rad1 Kd7 17. Rc1 h6 18. h4 Nbd5 19. Nxd5 Nxd5 20. Bxd5 Bxd5
21. Nc3 Be6 22. Ne4 Rbc8 23. Nxd6 Rxc1 24. Rxc1 Bxa2 25. Nxb7 Be6 26. Nd6 Ba2
27. Nb7 Bxd4 28. Rd1 Kc6 29. Rxd4 Kxb7 30. Rd7+ Kc6 31. Rd4 Kb7 32. Rd7+ Kc6 1/2-1/2

[Event "TCh-TUR 2011"]
[Site "Konya TUR"]
[Date "2011.07.07"]
[Round "11"]
[White "Pantsulaia, Levan"]
[Black "Sengul, Cengiz"]
[Result "1-0"]
[WhiteTitle "GM"]
[WhiteElo "2613"]
[BlackElo "2225"]
[WhiteTeam "Isek Aquamatch S.K."]
[BlackTeam "Mersin Ezgi Satranc Kulubu"]
[WhiteFideId "13602071"]
[BlackFideId "6302785"]
[EventDate "2011.06.28"]

1. c4 d6 2. Nc3 Nf6 3. g3 g6 4. Bg2 Bg7 5. d4 O-O 6. Nf3 Nc6 7. O-O Bg4 8. h3
Bxf3 9. Bxf3 Nd7 10. e3 e5 11. dxe5 Ncxe5 12. Bxb7 Rb8 13. Bg2 Nxc4 14. Qc2 Nc5
15. Rb1 a5 16. b3 Ne5 17. Rd1 Qd7 18. Ne2 Qb5 19. Nd4 Qa6 20. Bd2 Rb6 21. a3 Ne6
22. Nxe6 fxe6 23. Qxc7 Qe2 24. Be1 Rxb3 25. Qxd6 Rd3 26. Rxd3 Nxd3 27. Bf1 Qxe1
28. Rxe1 Nxe1 29. Be2 e5 30. Qd1 1-0